| 000 | nam a22 7a 4500 | ||
|---|---|---|---|
| 999 |
_c173378 _d173378 |
||
| 003 | Nust | ||
| 005 | 20180118163133.0 | ||
| 008 | 170123b xxu||||| |||| 00| 0 eng d | ||
| 020 | _a9780007299836 | ||
| 040 | _cNust | ||
| 082 |
_a823.912 _bCHR |
||
| 100 |
_aChristie, Agatha _98918 |
||
| 245 |
_aThe Labours of Hercules _cby Agatha Christie |
||
| 260 |
_aLondon: _bHarper collins, _c2001 |
||
| 300 | _a412 p. | ||
| 650 |
_aDetective and mystery stories _98228 |
||
| 650 |
_aShort stories, English _98058 |
||
| 942 |
_2ddc _cBK |
||